01091nam0a22002171 4500001001500000005001700015035002600032100004100058101000800099102000700107105001800114200024800132210009400380215001400474532016800488700012900656801001800785801002200803801002700825852002100852v19\rc\195998120251118181004.6 a(NLR Aleph) 005043881 a20080428d1913 u y0rusy50 ca0 arus aRU ay z |||||1 aСражение в Корейском проливе 14 и 15 мая 1905 года (при о-ве Цусима)eСообщение капитана 2 ранга М.И. Смирнова 3-го апреля 1913 г.fОфиц. арт. шк. aЦарск[ое Село]cЦентр. лито-тип. С.М. Боровковаd[1913] a7 с.d2511aСражение в Корейском проливе четырнадцатого и пятнадцатого мая 1905 года (при о-ве Цусима) 17ca8rusaСмирновbМ. И.cконтр-адмиралf1880-1937gМихаил Иванович3RU\NLR\AUTH\770128997 0aRUbNLRgpsbo 0aRUbRuMoRGB2psbo 1aRUbProSoft-M2rusmarc aNLRj18.259.9.51